LEADER 00995nam a2200253 i 4500 001 000000177198 003 CaOOAMICUS 005 20090306000000.0 008 090306s1963 it u000 u ita u 013 $a154706 040 $aSeMil$bita 100 1 $aDi Natale, Luigi.$0(OLS)http://semarc/name/57344 245 10$aPer " la lampada di Ippocrate" :$bcommenti e discussioni /$cdi Luigi Di Natale. 260 $aMilano :$bBanco Ambrosiano,$c1963. 300 $a46 p. ;$c25 cm. 500 $aFondo card. Giovanni Colombo. 650 4$aScienze.$0(OLS)http://semarc/subject/179 650 4$aChirurgia.$0(OLS)http://semarc/subject/33782 850 $aSeMil 852 $aSeMil$W1$xVenegono$y1$m3XK IV 26$j128010$B128010$CSeMilBibl$Z2$F142861 $81 941 1 $a3 961 $aLascito: Colombo Card. Giovanni 996 $6245$aPer " la lampada di Ippocrate" :$bcommenti e discussioni$9(OLS)http://semarc/title/254464 996 $6260$aMilano :$bBanco Ambrosiano$9(OLS)http://semarc/publisher/47512 LEADER 00818nam a2200205 i 4500 001 000000192915 003 CaOOAMICUS 005 20101005000000.0 008 101005s1933 it u000 u ita u 013 $a171553 040 $aSeMil$bita 100 1 $aTamborini, Alessandro,$c.$0(OLS)http://semarc/name/30528 245 13$aLa Beata Gerosa /$cSac. Alessandro Tamborini. 260 $aMilano :$bSuore di Carità,$c1933. 300 $aIV, 346 p., [12] p. di tav. ;$c20 cm. 600 14$aGerosa, Vincenza .$0(OLS)http://semarc/subject/1400 850 $aSeMil 852 $aSeMil$W1$xVenegono$y1$m3J II 157$j143489$B143489$CSeMilBibl$Z2$F154958 $81 996 $6245$aLa Beata Gerosa$9(OLS)http://semarc/title/278097 996 $6260$aMilano :$bSuore di Carità$9(OLS)http://semarc/publisher/49392